000 00328nam a22001457a 4500
008 230601b ||||| |||| 00| 0 eng d
020 _a9781260106763
041 _aeng
080 _2FIFTH EDITION
_a94
082 _a94DEA
100 _a28
101 _aHIS
245 _aAMERICAN DEMOCRACY NOW
_cDEARDORFF.
942 _2udc
_cBK
999 _c59900
_d59900